000 00338nam a2200145Ia 4500
008 230718s9999 xx 000 0 und d
041 _aEng.
082 _a345.5
_bSOD-P
100 _aSodhi,Khurshid Ahmed
245 0 _aPakistan Penal code
260 _aPakistan
_bPunjab law book
_c2015
300 _a622
650 _aLaw
999 _c30651
_d30651